<?xml version="1.0" encoding="UTF-8"?>
<collection xmlns="http://www.loc.gov/MARC21/slim">
<record>
  <controlfield tag="001">155146</controlfield>
  <controlfield tag="005">20250515083540.0</controlfield>
  <datafield tag="037" ind1=" " ind2=" ">
    <subfield code="a">TAZ-TFG-2023-850</subfield>
  </datafield>
  <datafield tag="041" ind1=" " ind2=" ">
    <subfield code="a">spa</subfield>
  </datafield>
  <datafield tag="100" ind1="1" ind2=" ">
    <subfield code="a">Pecurul Fernández, María</subfield>
  </datafield>
  <datafield tag="242" ind1="0" ind2="0">
    <subfield code="a">New methods in the management of preterm newborns</subfield>
  </datafield>
  <datafield tag="245" ind1="0" ind2="0">
    <subfield code="a">Nuevos métodos en el manejo de los recién nacidos pretérmino</subfield>
  </datafield>
  <datafield tag="260" ind1=" " ind2=" ">
    <subfield code="a">Zaragoza</subfield>
    <subfield code="b">Universidad de Zaragoza</subfield>
    <subfield code="c">2023</subfield>
  </datafield>
  <datafield tag="506" ind1=" " ind2=" ">
    <subfield code="a">by-nc-sa</subfield>
    <subfield code="b">Creative Commons</subfield>
    <subfield code="c">3.0</subfield>
    <subfield code="u">http://creativecommons.org/licenses/by-nc-sa/3.0/</subfield>
  </datafield>
  <datafield tag="520" ind1=" " ind2=" ">
    <subfield code="a">El recién nacido pretérmino (RNPT) se define como el niño que nace vivo antes de completarse las 37 semanas de gestación. Las causas de la prematuridad no están del todo claras, relacionándose más bien con un cúmulo de factores como infecciones, trastornos vasculares, senescencia decidual, sobredistensión uterina, enfermedad cervical, ruptura de la tolerancia materno-fetal, estrés y muchos otros que a día de hoy se desconocen. El nacimiento prematuro es una situación que causa en el bebé una predisposición a tener un resultado bajo en el test de Apgar (&lt;6) el primer minuto, aumentando con esto el riesgo de ser necesaria la realización de una RCP neonatal. Además, esta situación sumada a la falta de desarrollo orgánico que presentan los pacientes hace que estos tengan una mayor tasa de enfermedades respiratorias (destacando el síndrome de distrés respiratorio), oftalmológicas, cardiovasculares, gastrointestinales, inmunológicas, metabólicas y hematológicas, así como problemas en el neurodesarrollo. Actualmente existen muchos controles y tratamientos específicos para tratar de sacar adelante a estos niños, en las condiciones más óptimas posibles, desde el momento de su nacimiento. Los nuevos tratamientos que van surgiendo cada vez tienden más hacia las técnicas no invasivas para provocar los menores trastornos a estos neonatos especialmente frágiles. En esta revisión discutiremos los métodos actuales empleados en el manejo de los RNPT, así como los métodos que están en estudio en este momento, y también los cambios que se están produciendo en el panorama actual que seguramente influyan en un futuro en el tratamiento, la viabilidad y las comorbilidades de estos pacientes.&lt;br />Palabras clave: prematuridad, recién nacido pretérmino, corticoides, síndrome de distrés respiratorio, surfactante&lt;br />&lt;br /></subfield>
  </datafield>
  <datafield tag="521" ind1=" " ind2=" ">
    <subfield code="a">Graduado en Medicina</subfield>
  </datafield>
  <datafield tag="540" ind1=" " ind2=" ">
    <subfield code="a">Derechos regulados por licencia Creative Commons</subfield>
  </datafield>
  <datafield tag="700" ind1=" " ind2=" ">
    <subfield code="a">Ochoa Garrido, Ignacio</subfield>
    <subfield code="e">dir.</subfield>
  </datafield>
  <datafield tag="710" ind1="2" ind2=" ">
    <subfield code="a">Universidad de Zaragoza</subfield>
    <subfield code="b"> </subfield>
    <subfield code="c"></subfield>
  </datafield>
  <datafield tag="856" ind1="0" ind2=" ">
    <subfield code="f">740994@unizar.es</subfield>
  </datafield>
  <datafield tag="856" ind1="4" ind2=" ">
    <subfield code="s">1367743</subfield>
    <subfield code="u">http://zaguan.unizar.es/record/155146/files/TAZ-TFG-2023-850.pdf</subfield>
    <subfield code="y">Memoria (spa)</subfield>
  </datafield>
  <datafield tag="909" ind1="C" ind2="O">
    <subfield code="o">oai:zaguan.unizar.es:155146</subfield>
    <subfield code="p">driver</subfield>
    <subfield code="p">trabajos-fin-grado</subfield>
  </datafield>
  <datafield tag="950" ind1=" " ind2=" ">
    <subfield code="a"></subfield>
  </datafield>
  <datafield tag="980" ind1=" " ind2=" ">
    <subfield code="a">TAZ</subfield>
    <subfield code="b">TFG</subfield>
    <subfield code="c">MED</subfield>
  </datafield>
  <datafield tag="999" ind1=" " ind2=" ">
    <subfield code="a">20230527190155.CREATION_DATE</subfield>
  </datafield>
  <datafield tag="951" ind1=" " ind2=" ">
    <subfield code="a">deposita:2025-05-15</subfield>
  </datafield>
</record>
</collection>